000 01073 a2200241 4500
001 1951
005 20260407155422.0
008 260407a2011 arg spa d
003 AR-UNSa-BCEJYS
040 _aAR-UNSa-BCEJYS
_bspa
_cAR-UNSa-BCEJYS
080 _a336.226
_xTipos de impuestos. Impuestos directos e indirectos
245 1 0 _aImpuesto sobre los bienes personales
_pexplicado y comentado
020 _a978-987-01-1148-1
250 _a2a. ed.
264 1 _aBuenos Aires :
_bErrepar
_c2011
300 _a65 p.
_c27 cm.
505 _a1. Imposición sobre el patrimonio - 2. Hecho imponible - 3. Exenciones - 4. Valuación de bienes - 5. Acciones y participaciones en sociedades y otros entes - 6. Sujetos del exterior. Régimen de sustitución - 7. Liquidación y pago del impuesto
942 _cBK
590 _aniveau_biblio:m niveau_hierar:0
100 1 _aCeldeiro, Ernesto Carlos
700 1 _aImirizaldu, Juan José
856 4 1 _uhttps://biblioeco.unsa.edu.ar/pmb/images/libros/Impuesto sobre los Bienes Personales-l118134.jpg
_yImagen de portada
_qimage/jpeg
999 _c232
_d232